000 01192nam a2200265 i 4500
001 12208
003 ES-MaACL
005 20250131222200.0
007 t|
008 970425s1982 ag |||| | spa d
080 _a860 Calderón de la Barca, Pedro 7 Celos, aun del aire, matan.06
080 _a782.1 Calderón de la Barca, Pedro
080 _a782.1 Hidalgo, Juan
100 1 _aEntenza de Solare, Beatriz Elena
_947305
245 1 0 _aCelos, aun del aire, matan (de Juan Hidalgo y Pedro Calderón de la Barca) en versión de nuestro tiempo /
_cBeatriz Entenza de Solare.
260 _aBuenos Aires :
_bEl Derecho,
_c1982.
300 _aP. 185-191 ;
_c24 cm.
595 _aSeparata de: Letras: revista de la Facultad de Filosofía y Letras de la Pontificia Universidad Católica Argentina Santa María de los Buenos aires, n. VI-VII, dic. 1982- abril 1983.
600 1 4 _aCalderón de la Barca, Pedro.
_tCelos, aun del aire, matan.
_933617
600 1 4 _aHidalgo, Juan.
_tCelos, aun del aire, matan.
_963573
650 1 4 _a
_9239515
700 1 _aHidalgo, Juan.
_963572
852 _aES-MaACL
_j2150-F-10
_z. - Dedicatoria autógrafa de la autora
999 _c12208
_d12208